000 01234cam a22002774a 4500
999 _c26360
_d26360
001 13492886
003 OSt
005 20170204093501.0
008 040218s2004 nyu 000 0 eng
010 _a 2004042459
020 _a1401300103
040 _aDLC
_cDLC
_dDLC
042 _apcc
043 _an-us---
050 0 0 _aHE 8697.95 .U6G76 2004
082 0 0 _a791.44/72
_222
100 1 _aGross, Terry.
_d2004
245 1 0 _aAll I did was ask :
_bconversations with writers, actors, musicians, and artists /
_cTerry Gross.
250 _a1st ed.
260 _aNew York :
_bHyperion,
_c2004.
300 _axxiii, 353 p. ;
_c24 cm.
650 0 _aArtists
_zUnited States
_vInterviews.
856 4 2 _3Publisher description
_uhttp://www.loc.gov/catdir/enhancements/fy1204/2004042459-d.html
856 4 2 _3Contributor biographical information
_uhttp://www.loc.gov/catdir/enhancements/fy1401/2004042459-b.html
906 _a7
_bcbc
_corignew
_d1
_eocip
_f20
_gy-gencatlg
942 _2lcc
_cBOOKS
_hHE 8697.95 .U6G76 2004
_k33750